Normal view
MARC view
- Cohn Al
Entry Personal Name
001 - CONTROL NUMBER
- control field: 24072
003 - CONTROL NUMBER IDENTIFIER
- control field: IT-RoPau
005 - DATE AND TIME OF LATEST TRANSACTION
- control field: 20140506091033.0
008 - FIXED-LENGTH DATA ELEMENTS
- fixed length control field: 140506|| aca||aabn | a|a d
040 ## - CATALOGING SOURCE
- Original cataloging agency: IT-RoPau
- Transcribing agency: IT-RoPau
100 ## - HEADING--PERSONAL NAME
- Personal name: Cohn Al
- Miscellaneous information: Codice autore musica SPICS: 10711
- Relator term: Autore musica
- Name of part/section of a work: Stan's Mood
670 ## - SOURCE DATA FOUND
- Source citation: Work cat.: (IT-RoPau)102228: AA.VV. 794, Stan Getz (Lp 2Mjp 1061)